00665nam a2200217Ia 4500008004100000020001300041050001400054100001600068245007300084245003400157260001300191260003100204260000900235300001500244300002500259300001000284440002400294440000700318999001900325952010300344180207s9999 xx 000 0 und d a17580994 bM877 2009 aMorris, Pat 4aThe mouse and Rat Family, the Dormouse Family and the Gundi Family / cPat Morris and Amy-Jane Beer. aLondon : bSimply Home Entertainment, c2009 a63 pages : bcolor illustration ; c28cm. aUltimate wildlife ; v13 c355440d355440 001040aSSISMbSSISMd2018-02-07l0oER M877 2009pSSISM4985r2018-02-07 00:00:00w2018-02-07yBK